=LDR 00000nam 2200000 4500 =001 INLIS000000000053591 =005 20181022124647 =035 ##$$a 0010-1018000206 =245 1#$$a STATISTIK PERBANKAN INDONESIA /$c Bank Indonesia =100 #$$a STATISTIK PERBANKAN INDONESIA =250 ##$$a Ed.1 =300 ##$$a 123 hlm : $b Ilus ; $c 15x23 cm =260 ##$$a Jakarta :$b Bank Indonesia,$c 2005 =082 ##$$a 310.598 =084 ##$$a 310.598 STA s =650 ##$$a Statistik-Indonesia